000
00327nam a2200121Ia 4500
008
230411s9999 xx 000 0 und d
041
_a
eng
082
_a
CH/610.7343/GOV/B02463
100
_a
Govt of India
_9
111007
245
_a
Reproductive and Child Health Programme
260
_a
New Delhi
_c
1998
999
_c
153654
_d
153654